[Event "World Youth & Cadets Blitz Championships"]
[Site "Rhodes, Greece"]
[Date "2022.05.03"]
[Round "6.41"]
[White "Gawerska, Karolina"]
[Black "Onipko, Kateryna"]
[Result "0-1"]
[TimeControl "5'/game & 2\"/move"]
[WhiteElo "1035"]
[BlackElo "1439"]

1. d4 {[%clk 00:05:02]} {[%emt 00:00:03]} Nf6 {[%clk 00:05:02]} {[%emt
00:00:02]} 2. c4 {[%clk 00:05:02]} {[%emt 00:00:01]} c5 {[%clk 00:05:03]}
{[%emt 00:00:02]} 3. d5 {[%clk 00:05:02]} {[%emt 00:00:01]} b5 {[%clk
00:05:01]} {[%emt 00:00:05]} 4. cxb5 {[%clk 00:04:59]} {[%emt 00:00:05]} a6
{[%clk 00:05:02]} {[%emt 00:00:02]} 5. bxa6 {[%clk 00:04:56]} {[%emt 00:00:05]}
Bxa6 {[%clk 00:05:02]} {[%emt 00:00:02]} 6. Nc3 {[%clk 00:04:54]} {[%emt
00:00:03]} d6 {[%clk 00:05:00]} {[%emt 00:00:04]} 7. Nf3 {[%clk 00:04:46]}
{[%emt 00:00:10]} Qa5 {[%clk 00:05:00]} {[%emt 00:00:02]} 8. Bd2 {[%clk
00:04:42]} {[%emt 00:00:07]} Nbd7 {[%clk 00:04:44]} {[%emt 00:00:18]} 9. g3
{[%clk 00:04:37]} {[%emt 00:00:06]} g6 {[%clk 00:04:43]} {[%emt 00:00:02]} 10.
Bg2 {[%clk 00:04:37]} {[%emt 00:00:02]} Bg7 {[%clk 00:04:43]} {[%emt 00:00:02]}
11. O-O {[%clk 00:04:37]} {[%emt 00:00:03]} O-O {[%clk 00:04:39]} {[%emt
00:00:07]} 12. Re1 {[%clk 00:04:36]} {[%emt 00:00:02]} Rfb8 {[%clk 00:04:35]}
{[%emt 00:00:05]} 13. Rb1 {[%clk 00:04:35]} {[%emt 00:00:03]} Qb6 {[%clk
00:04:14]} {[%emt 00:00:25]} 14. e4 {[%clk 00:04:13]} {[%emt 00:00:24]} Ng4
{[%clk 00:03:46]} {[%emt 00:00:29]} 15. h3 {[%clk 00:04:07]} {[%emt 00:00:08]}
Nge5 {[%clk 00:03:46]} {[%emt 00:00:02]} 16. Nxe5 {[%clk 00:04:00]} {[%emt
00:00:08]} Nxe5 {[%clk 00:03:46]} {[%emt 00:00:03]} 17. Be3 {[%clk 00:03:50]}
{[%emt 00:00:12]} Nd3 {[%clk 00:03:20]} {[%emt 00:00:29]} 18. Re2 {[%clk
00:03:19]} {[%emt 00:00:33]} Bxc3 {[%clk 00:03:15]} {[%emt 00:00:06]} 19. bxc3
{[%clk 00:02:55]} {[%emt 00:00:26]} Qxb1 {[%clk 00:03:14]} {[%emt 00:00:03]} 20.
Qxb1 {[%clk 00:02:48]} {[%emt 00:00:08]} Rxb1+ {[%clk 00:03:13]} {[%emt
00:00:03]} 21. Bf1 {[%clk 00:02:48]} {[%emt 00:00:03]} Ne5 {[%clk 00:03:12]}
{[%emt 00:00:04]} 22. Rd2 {[%clk 00:02:39]} {[%emt 00:00:11]} Bxf1 {[%clk
00:03:09]} {[%emt 00:00:04]} 23. Rc2 {[%clk 00:02:20]} {[%emt 00:00:21]} Bd3+
{[%clk 00:03:03]} {[%emt 00:00:08]} 24. Kg2 {[%clk 00:02:20]} {[%emt 00:00:02]}
Bxc2 {[%clk 00:03:04]} {[%emt 00:00:02]} 25. g4 {[%clk 00:02:16]} {[%emt
00:00:06]} Bxe4+ {[%clk 00:03:03]} {[%emt 00:00:02]} 26. Kg3 {[%clk 00:02:16]}
{[%emt 00:00:02]} Rg1+ {[%clk 00:03:03]} {[%emt 00:00:02]} 27. Kh4 {[%clk
00:02:16]} {[%emt 00:00:02]} Nf3# {[%clk 00:03:03]} {[%emt 00:00:02]} 0-1

[Event "World Youth & Cadets Blitz Championships"]
[Site "Rhodes, Greece"]
[Date "2022.05.03"]
[Round "6.43"]
[White "Galmidi, Ester"]
[Black "Rzadkowska, Kaja"]
[Result "0-1"]
[TimeControl "5'/game & 2\"/move"]
[WhiteElo "1069"]
[BlackElo "1190"]

1. e4 {[%clk 00:05:03]} d5 {[%clk 00:05:03]} {[%emt 00:00:02]} 2. e5 {[%clk
00:05:01]} {[%emt 00:00:04]} c5 {[%clk 00:05:02]} {[%emt 00:00:02]} 3. c3
{[%clk 00:05:02]} {[%emt 00:00:02]} Nc6 {[%clk 00:05:01]} {[%emt 00:00:03]} 4.
Nf3 {[%clk 00:05:01]} {[%emt 00:00:02]} Bf5 {[%clk 00:04:59]} {[%emt 00:00:04]}
5. d4 {[%clk 00:05:01]} {[%emt 00:00:02]} e6 {[%clk 00:04:55]} {[%emt
00:00:06]} 6. Be2 {[%clk 00:04:50]} {[%emt 00:00:13]} cxd4 {[%clk 00:04:55]}
{[%emt 00:00:03]} 7. cxd4 {[%clk 00:04:50]} {[%emt 00:00:02]} Bb4+ {[%clk
00:04:23]} {[%emt 00:00:34]} 8. Bd2 {[%clk 00:04:47]} {[%emt 00:00:04]} Nge7
{[%clk 00:04:01]} {[%emt 00:00:25]} 9. Bb5 {[%clk 00:04:43]} {[%emt 00:00:06]}
Bxd2+ {[%clk 00:03:55]} {[%emt 00:00:08]} 10. Qxd2 {[%clk 00:04:43]} {[%emt
00:00:01]} O-O {[%clk 00:03:48]} {[%emt 00:00:08]} 11. O-O {[%clk 00:04:44]}
{[%emt 00:00:03]} Qb6 {[%clk 00:03:37]} {[%emt 00:00:13]} 12. Bxc6 {[%clk
00:04:40]} {[%emt 00:00:05]} Nxc6 {[%clk 00:03:36]} {[%emt 00:00:04]} 13. Nc3
{[%clk 00:04:34]} {[%emt 00:00:08]} Rac8 {[%clk 00:03:26]} {[%emt 00:00:13]} 14.
Rfe1 {[%clk 00:04:23]} {[%emt 00:00:12]} Bg4 {[%clk 00:03:21]} {[%emt
00:00:06]} 15. Ng5 {[%clk 00:04:04]} {[%emt 00:00:19]} h6 {[%clk 00:03:07]}
{[%emt 00:00:19]} 16. Na4 {[%clk 00:03:35]} {[%emt 00:00:31]} Qxd4 {[%clk
00:03:02]} {[%emt 00:00:06]} 17. Qxd4 {[%clk 00:03:32]} {[%emt 00:00:05]} Nxd4
{[%clk 00:03:01]} {[%emt 00:00:03]} 18. Nh3 {[%clk 00:03:28]} {[%emt 00:00:06]}
Nc2 {[%clk 00:02:55]} {[%emt 00:00:09]} 19. Nf4 {[%clk 00:02:55]} {[%emt
00:00:34]} Nxa1 {[%clk 00:02:44]} {[%emt 00:00:14]} 20. Rxa1 {[%clk 00:02:56]}
Rc4 {[%clk 00:02:39]} {[%emt 00:00:07]} 21. Nc3 {[%clk 00:02:51]} {[%emt
00:00:06]} Rxf4 {[%clk 00:02:36]} {[%emt 00:00:05]} 22. f3 {[%clk 00:02:44]}
{[%emt 00:00:09]} Bf5 {[%clk 00:02:30]} {[%emt 00:00:09]} 23. g4 {[%clk
00:02:40]} {[%emt 00:00:06]} Bh7 {[%clk 00:02:25]} {[%emt 00:00:07]} 24. Ne2
{[%clk 00:02:41]} {[%emt 00:00:01]} Rxf3 {[%clk 00:02:24]} {[%emt 00:00:03]} 25.
Nd4 {[%clk 00:02:36]} {[%emt 00:00:06]} Rf4 {[%clk 00:02:21]} {[%emt 00:00:05]}
26. Ne2 {[%clk 00:02:31]} {[%emt 00:00:08]} Rxg4+ {[%clk 00:02:20]} {[%emt
00:00:03]} 27. Kf1 {[%clk 00:02:21]} {[%emt 00:00:09]} Bd3 {[%clk 00:02:18]}
{[%emt 00:00:07]} 28. Ke1 {[%clk 00:02:20]} {[%emt 00:00:02]} Re4 {[%clk
00:02:15]} {[%emt 00:00:06]} 29. Kd2 {[%clk 00:02:14]} {[%emt 00:00:08]} Bxe2
{[%clk 00:02:13]} {[%emt 00:00:04]} 30. Re1 {[%clk 00:02:13]} {[%emt 00:00:02]}
Bh5 {[%clk 00:02:09]} {[%emt 00:00:06]} 31. Rg1 {[%clk 00:02:09]} {[%emt
00:00:05]} Rc8 {[%clk 00:02:06]} {[%emt 00:00:06]} 32. a3 {[%clk 00:02:09]}
{[%emt 00:00:02]} Re2+ {[%clk 00:02:05]} {[%emt 00:00:03]} 33. Kd3 {[%clk
00:02:08]} {[%emt 00:00:02]} Rcc2 {[%clk 00:02:03]} {[%emt 00:00:05]} 34. b4
{[%clk 00:02:02]} {[%emt 00:00:09]} Rcd2+ {[%clk 00:01:59]} {[%emt 00:00:05]}
35. Kc3 {[%clk 00:02:00]} {[%emt 00:00:04]} d4+ {[%clk 00:01:59]} {[%emt
00:00:02]} 36. Kc4 {[%clk 00:02:00]} {[%emt 00:00:03]} a6 {[%clk 00:01:54]}
{[%emt 00:00:06]} 37. a4 {[%clk 00:01:59]} {[%emt 00:00:02]} Re3 {[%clk
00:01:54]} {[%emt 00:00:03]} 38. b5 {[%clk 00:01:58]} {[%emt 00:00:03]} Rc3+
{[%clk 00:01:46]} {[%emt 00:00:10]} 39. Kb4 {[%clk 00:01:49]} {[%emt 00:00:11]}
b6 {[%clk 00:01:45]} {[%emt 00:00:03]} 40. bxa6 {[%clk 00:01:48]} {[%emt
00:00:03]} Rb2# {[%clk 00:01:45]} {[%emt 00:00:02]} 0-1

[Event "World Youth & Cadets Blitz Championships"]
[Site "Rhodes, Greece"]
[Date "2022.05.03"]
[Round "6.44"]
[White "Alessi, Clio"]
[Black "Olariu-Chilut, Sofia"]
[Result "0-1"]
[TimeControl "5'/game & 2\"/move"]
[WhiteElo "1429"]
[BlackElo "1149"]

1. e4 {[%clk 00:05:02]} {[%emt 00:00:02]} e5 {[%clk 00:05:03]} {[%emt
00:00:02]} 2. Nf3 {[%clk 00:05:03]} Nc6 {[%clk 00:05:04]} {[%emt 00:00:01]} 3.
Bc4 {[%clk 00:05:03]} Be7 {[%clk 00:05:05]} 4. d4 {[%clk 00:05:04]} {[%emt
00:00:01]} d6 {[%clk 00:05:01]} {[%emt 00:00:06]} 5. O-O {[%clk 00:05:04]}
{[%emt 00:00:02]} Nf6 {[%clk 00:05:02]} {[%emt 00:00:01]} 6. Nc3 {[%clk
00:05:01]} {[%emt 00:00:05]} O-O {[%clk 00:04:58]} {[%emt 00:00:06]} 7. Bb5
{[%clk 00:04:56]} {[%emt 00:00:07]} Bd7 {[%clk 00:04:45]} {[%emt 00:00:15]} 8.
Re1 {[%clk 00:04:43]} {[%emt 00:00:15]} a6 {[%clk 00:04:35]} {[%emt 00:00:12]}
9. Bxc6 {[%clk 00:04:44]} Bxc6 {[%clk 00:04:36]} {[%emt 00:00:01]} 10. dxe5
{[%emt 00:00:04]} Nd7 {[%clk 00:04:05]} {[%emt 00:00:31]} 11. exd6 {[%clk
00:04:41]} {[%emt 00:00:05]} cxd6 {[%clk 00:03:54]} {[%emt 00:00:13]} 12. Bf4
{[%clk 00:04:27]} {[%emt 00:00:17]} Nf6 {[%clk 00:03:32]} {[%emt 00:00:22]} 13.
Qd2 {[%clk 00:04:17]} {[%emt 00:00:14]} Re8 {[%clk 00:02:58]} {[%emt 00:00:36]}
14. Rad1 {[%clk 00:04:15]} {[%emt 00:00:04]} Qd7 {[%clk 00:01:36]} {[%emt
00:01:24]} 15. Bxd6 {[%clk 00:03:46]} {[%emt 00:00:31]} Bxd6 {[%clk 00:01:34]}
{[%emt 00:00:04]} 16. Qxd6 {[%clk 00:03:46]} {[%emt 00:00:01]} Qxd6 {[%clk
00:01:34]} {[%emt 00:00:02]} 17. Rxd6 {[%clk 00:03:47]} {[%emt 00:00:02]} Nxe4
{[%clk 00:01:24]} {[%emt 00:00:13]} 18. Nxe4 {[%clk 00:03:41]} {[%emt
00:00:08]} Bxe4 {[%clk 00:01:24]} 19. c3 {[%clk 00:03:22]} {[%emt 00:00:20]} h6
{[%clk 00:00:58]} {[%emt 00:00:28]} 20. Rd4 {[%clk 00:03:16]} {[%emt 00:00:07]}
Bxf3 {[%clk 00:00:56]} {[%emt 00:00:07]} 21. Rxe8+ {[%clk 00:03:15]} {[%emt
00:00:02]} Rxe8 {[%clk 00:00:55]} {[%emt 00:00:02]} 22. gxf3 {[%clk 00:03:16]}
{[%emt 00:00:02]} Re2 {[%clk 00:00:54]} {[%emt 00:00:03]} 23. Rb4 {[%clk
00:03:12]} {[%emt 00:00:05]} Re7 {[%clk 00:00:50]} {[%emt 00:00:07]} 24. Re4
{[%clk 00:03:08]} {[%emt 00:00:06]} Rxe4 {[%clk 00:00:49]} {[%emt 00:00:02]} 25.
fxe4 {[%clk 00:03:10]} Kf8 {[%clk 00:00:50]} 26. Kf1 {[%clk 00:03:11]} Ke7
{[%clk 00:00:52]} 27. Ke2 {[%clk 00:03:12]} Ke6 {[%clk 00:00:52]} {[%emt
00:00:02]} 28. Ke3 {[%clk 00:03:13]} {[%emt 00:00:02]} Ke5 {[%clk 00:00:42]}
{[%emt 00:00:12]} 29. f4+ {[%clk 00:03:01]} {[%emt 00:00:13]} Ke6 {[%clk
00:00:39]} {[%emt 00:00:03]} 30. Kd4 {[%clk 00:03:01]} {[%emt 00:00:04]} f5
{[%clk 00:00:28]} {[%emt 00:00:13]} 31. e5 {[%clk 00:03:02]} {[%emt 00:00:01]}
Ke7 {[%clk 00:00:22]} {[%emt 00:00:08]} 32. Kd5 {[%clk 00:03:02]} {[%emt
00:00:02]} g5 {[%clk 00:00:16]} {[%emt 00:00:08]} 33. fxg5 {[%emt 00:00:17]}
hxg5 {[%clk 00:00:16]} 34. Kd4 {[%clk 00:02:51]} {[%emt 00:00:01]} Ke6 {[%clk
00:00:16]} {[%emt 00:00:02]} 35. b4 {[%clk 00:02:48]} {[%emt 00:00:04]} g4
{[%clk 00:00:14]} {[%emt 00:00:04]} 36. a4 {[%clk 00:02:44]} {[%emt 00:00:07]}
f4 {[%clk 00:00:11]} {[%emt 00:00:04]} 37. Kd3 {[%clk 00:02:41]} {[%emt
00:00:06]} g3 {[%clk 00:00:09]} {[%emt 00:00:04]} 38. hxg3 {[%clk 00:02:40]}
{[%emt 00:00:04]} fxg3 {[%clk 00:00:10]} 39. Ke3 {[%clk 00:02:41]} Kxe5 {[%clk
00:00:08]} {[%emt 00:00:04]} 40. Kf3 {[%clk 00:02:42]} {[%emt 00:00:02]} Kd5
{[%clk 00:00:09]} 41. Kxg3 {[%clk 00:02:43]} {[%emt 00:00:02]} Kc4 {[%clk
00:00:10]} 42. Kf3 {[%clk 00:02:43]} Kxc3 {[%clk 00:00:11]} 43. Ke4 {[%clk
00:02:45]} Kxb4 {[%clk 00:00:12]} {[%emt 00:00:02]} 44. Kd3 {[%clk 00:02:46]}
Kxa4 {[%clk 00:00:12]} {[%emt 00:00:03]} 45. Kc2 {[%clk 00:02:48]} b5 {[%clk
00:00:13]} 46. Kb2 {[%clk 00:02:49]} b4 {[%clk 00:00:15]} 47. Ka2 {[%clk
00:02:50]} b3+ {[%clk 00:00:15]} {[%emt 00:00:01]} 48. Kb2 {[%clk 00:02:51]}
Kb4 {[%clk 00:00:17]} 49. Kb1 {[%emt 00:00:02]} a5 {[%clk 00:00:17]} 50. Ka1
{[%clk 00:02:53]} {[%emt 00:00:01]} a4 {[%clk 00:00:17]} {[%emt 00:00:02]} 51.
Kb1 {[%clk 00:02:54]} a3 {[%clk 00:00:17]} {[%emt 00:00:02]} 52. Ka1 {[%clk
00:02:49]} {[%emt 00:00:07]} Kc3 {[%clk 00:00:17]} {[%emt 00:00:02]} 53. Kb1
{[%clk 00:02:51]} b2 {[%clk 00:00:11]} {[%emt 00:00:08]} 0-1

[Event "World Youth & Cadets Blitz Championships"]
[Site "Rhodes, Greece"]
[Date "2022.05.03"]
[Round "7.1"]
[White "Gomez Barrera, Gonzalo Andres"]
[Black "Can, Isik"]
[Result "0-1"]
[TimeControl "5'/game & 2\"/move"]
[WhiteElo "1792"]
[BlackElo "2130"]

1. e4 {[%clk 00:05:02]} {[%emt 00:00:02]} e5 {[%clk 00:05:04]} 2. Nf3 {[%clk
00:05:03]} {[%emt 00:00:01]} Nc6 {[%clk 00:05:05]} {[%emt 00:00:01]} 3. Bc4
{[%clk 00:05:04]} Bc5 {[%clk 00:05:06]} 4. c3 {[%clk 00:05:05]} {[%emt
00:00:02]} Nf6 {[%clk 00:05:08]} 5. d3 {[%clk 00:05:06]} {[%emt 00:00:01]} O-O
{[%clk 00:05:08]} {[%emt 00:00:02]} 6. O-O {[%clk 00:05:03]} {[%emt 00:00:05]}
d5 {[%clk 00:05:09]} {[%emt 00:00:01]} 7. exd5 {[%clk 00:04:56]} {[%emt
00:00:09]} Nxd5 {[%clk 00:05:10]} {[%emt 00:00:02]} 8. Bg5 {[%clk 00:04:14]}
{[%emt 00:00:44]} f6 {[%clk 00:05:01]} {[%emt 00:00:11]} 9. d4 {[%clk
00:03:54]} {[%emt 00:00:21]} exd4 {[%clk 00:04:47]} {[%emt 00:00:16]} 10. cxd4
{[%clk 00:03:54]} {[%emt 00:00:01]} Bb6 {[%clk 00:04:44]} {[%emt 00:00:05]} 11.
Nc3 {[%clk 00:03:03]} {[%emt 00:00:54]} Be6 {[%clk 00:04:41]} {[%emt 00:00:05]}
12. Re1 {[%clk 00:02:39]} {[%emt 00:00:26]} Bf7 {[%clk 00:04:35]} {[%emt
00:00:07]} 13. Bh4 {[%clk 00:02:40]} {[%emt 00:00:01]} Kh8 {[%clk 00:04:31]}
{[%emt 00:00:07]} 14. Bb3 {[%clk 00:02:08]} {[%emt 00:00:34]} Qd7 {[%clk
00:03:49]} {[%emt 00:00:44]} 15. Qd2 {[%clk 00:01:49]} {[%emt 00:00:21]} Na5
{[%clk 00:03:09]} {[%emt 00:00:41]} 16. Bc2 {[%clk 00:01:17]} {[%emt 00:00:34]}
Nb4 {[%clk 00:03:05]} {[%emt 00:00:07]} 17. Bb1 {[%clk 00:00:42]} {[%emt
00:00:37]} Nc4 {[%clk 00:02:48]} {[%emt 00:00:18]} 18. Qf4 {[%clk 00:00:39]}
{[%emt 00:00:06]} Nd5 {[%clk 00:02:14]} {[%emt 00:00:35]} 19. Qc1 {[%clk
00:00:32]} {[%emt 00:00:09]} Nd6 {[%clk 00:02:00]} {[%emt 00:00:16]} 20. Nxd5
{[%clk 00:00:31]} {[%emt 00:00:04]} Bxd5 {[%clk 00:02:00]} {[%emt 00:00:02]} 21.
Qc2 {[%clk 00:00:33]} g6 {[%clk 00:01:43]} {[%emt 00:00:20]} 22. Bg3 {[%clk
00:00:14]} {[%emt 00:00:20]} Bxf3 {[%clk 00:01:35]} {[%emt 00:00:10]} 23. gxf3
{[%clk 00:00:15]} {[%emt 00:00:01]} Nf5 {[%clk 00:01:36]} 24. Qc4 {[%clk
00:00:06]} {[%emt 00:00:11]} Nxd4 {[%emt 00:00:07]} 25. Be4 {[%clk 00:00:03]}
{[%emt 00:00:04]} c6 {[%clk 00:01:14]} {[%emt 00:00:20]} 26. Rad1 {[%clk
00:00:05]} Rae8 {[%clk 00:01:15]} 27. Rd3 {[%clk 00:00:05]} {[%emt 00:00:02]}
f5 {[%clk 00:01:10]} {[%emt 00:00:07]} 28. Red1 {[%clk 00:00:06]} fxe4 {[%clk
00:01:09]} {[%emt 00:00:04]} 29. Rxd4 {[%clk 00:00:08]} Bxd4 {[%clk 00:01:04]}
{[%emt 00:00:07]} 30. Rxd4 {[%clk 00:00:09]} {[%emt 00:00:01]} Qf7 {[%clk
00:00:52]} {[%emt 00:00:14]} 31. Qc3 {[%clk 00:00:09]} {[%emt 00:00:02]} Kg8
{[%clk 00:00:35]} {[%emt 00:00:19]} 32. fxe4 {[%clk 00:00:08]} {[%emt
00:00:03]} Qe6 {[%clk 00:00:28]} {[%emt 00:00:09]} 33. e5 {[%clk 00:00:09]} Rd8
{[%clk 00:00:23]} {[%emt 00:00:07]} 34. Rd6 {[%clk 00:00:08]} {[%emt 00:00:04]}
Rxd6 {[%clk 00:00:17]} {[%emt 00:00:07]} 35. exd6 {[%clk 00:00:09]} h5 {[%clk
00:00:14]} {[%emt 00:00:05]} 36. Qd4 {[%clk 00:00:07]} {[%emt 00:00:03]} b6
{[%clk 00:00:11]} {[%emt 00:00:05]} 37. b4 {[%clk 00:00:09]} Kh7 {[%clk
00:00:09]} {[%emt 00:00:03]} 38. h4 {[%clk 00:00:06]} {[%emt 00:00:05]} Rf7
{[%clk 00:00:08]} {[%emt 00:00:04]} 39. Qc3 {[%clk 00:00:04]} {[%emt 00:00:04]}
Qd5 {[%clk 00:00:06]} {[%emt 00:00:03]} 40. Qe3 {[%clk 00:00:04]} {[%emt
00:00:03]} Qxa2 {[%clk 00:00:05]} {[%emt 00:00:03]} 41. Qe8 {[%clk 00:00:03]}
{[%emt 00:00:03]} Qb1+ {[%clk 00:00:05]} {[%emt 00:00:01]} 42. Kh2 {[%clk
00:00:05]} Qf5 {[%clk 00:00:06]} 43. Qe3 {[%clk 00:00:04]} {[%emt 00:00:03]}
Qd7 {[%clk 00:00:07]} {[%emt 00:00:01]} 44. Qd4 {[%clk 00:00:05]} {[%emt
00:00:01]} Rf5 {[%clk 00:00:06]} {[%emt 00:00:03]} 45. Qe4 {[%clk 00:00:06]}
{[%emt 00:00:01]} Rf7 {[%clk 00:00:07]} {[%emt 00:00:01]} 46. Qd4 {[%clk
00:00:07]} Qf5 {[%clk 00:00:08]} {[%emt 00:00:01]} 47. Qe3 {[%clk 00:00:08]}
{[%emt 00:00:02]} Qd5 {[%clk 00:00:05]} {[%emt 00:00:04]} 48. Qc3 {[%clk
00:00:06]} {[%emt 00:00:04]} a5 {[%clk 00:00:06]} {[%emt 00:00:02]} 49. bxa5
{[%clk 00:00:07]} {[%emt 00:00:01]} bxa5 {[%clk 00:00:07]} 50. Qe3 {[%clk
00:00:04]} {[%emt 00:00:05]} a4 {[%clk 00:00:07]} {[%emt 00:00:02]} 51. Qa3
{[%clk 00:00:05]} Qb3 {[%clk 00:00:06]} {[%emt 00:00:02]} 52. Qc1 {[%emt
00:00:05]} 0-1

[Event "World Youth & Cadets Blitz Championships"]
[Site "Rhodes, Greece"]
[Date "2022.05.03"]
[Round "7.2"]
[White "Kushko, Dmitriy"]
[Black "Nogerbek, Kazybek"]
[Result "0-1"]
[TimeControl "5'/game & 2\"/move"]
[WhiteElo "2193"]
[BlackElo "2441"]

1. g3 {[%clk 00:05:03]} g6 {[%clk 00:05:03]} {[%emt 00:00:02]} 2. Bg2 {[%clk
00:05:03]} {[%emt 00:00:01]} Bg7 {[%clk 00:05:04]} {[%emt 00:00:01]} 3. d4
{[%clk 00:05:04]} {[%emt 00:00:02]} Nc6 {[%clk 00:04:46]} {[%emt 00:00:20]} 4.
Nf3 {[%clk 00:04:53]} {[%emt 00:00:12]} Nf6 {[%clk 00:04:31]} {[%emt 00:00:17]}
5. O-O {[%clk 00:04:44]} {[%emt 00:00:11]} O-O {[%clk 00:04:30]} {[%emt
00:00:02]} 6. d5 {[%clk 00:04:19]} {[%emt 00:00:29]} Nb8 {[%clk 00:04:26]}
{[%emt 00:00:05]} 7. c4 {[%clk 00:04:18]} {[%emt 00:00:04]} d6 {[%clk
00:04:14]} {[%emt 00:00:14]} 8. Nc3 {[%clk 00:04:18]} {[%emt 00:00:02]} c6
{[%clk 00:04:08]} {[%emt 00:00:07]} 9. Re1 {[%clk 00:04:00]} {[%emt 00:00:21]}
a6 {[%clk 00:03:50]} {[%emt 00:00:20]} 10. e4 {[%clk 00:03:22]} {[%emt
00:00:40]} Bg4 {[%clk 00:03:49]} {[%emt 00:00:01]} 11. h3 {[%clk 00:03:13]}
{[%emt 00:00:13]} Bxf3 {[%clk 00:03:49]} {[%emt 00:00:02]} 12. Qxf3 {[%clk
00:03:06]} {[%emt 00:00:09]} Nfd7 {[%clk 00:03:49]} {[%emt 00:00:02]} 13. Bd2
{[%clk 00:02:14]} {[%emt 00:00:54]} b5 {[%clk 00:03:38]} {[%emt 00:00:13]} 14.
Qe2 {[%clk 00:01:22]} {[%emt 00:00:54]} bxc4 {[%clk 00:03:25]} {[%emt
00:00:15]} 15. Qxc4 {[%clk 00:01:18]} {[%emt 00:00:06]} Qb6 {[%clk 00:03:13]}
{[%emt 00:00:13]} 16. Rab1 {[%clk 00:00:55]} {[%emt 00:00:25]} c5 {[%clk
00:02:49]} {[%emt 00:00:27]} 17. f4 {[%clk 00:00:49]} {[%emt 00:00:07]} Qd8
{[%clk 00:02:14]} {[%emt 00:00:37]} 18. Kh2 {[%clk 00:00:45]} {[%emt 00:00:05]}
Nb6 {[%clk 00:02:15]} {[%emt 00:00:02]} 19. Qe2 {[%clk 00:00:46]} {[%emt
00:00:02]} N8d7 {[%clk 00:02:16]} {[%emt 00:00:01]} 20. b3 {[%clk 00:00:22]}
{[%emt 00:00:26]} c4 {[%clk 00:02:09]} {[%emt 00:00:09]} 21. Rec1 {[%clk
00:00:20]} {[%emt 00:00:04]} cxb3 {[%clk 00:02:08]} {[%emt 00:00:03]} 22. axb3
{[%clk 00:00:21]} {[%emt 00:00:02]} a5 {[%clk 00:02:00]} {[%emt 00:00:09]} 23.
Be3 {[%clk 00:00:19]} {[%emt 00:00:04]} a4 {[%clk 00:01:34]} {[%emt 00:00:28]}
24. bxa4 {[%clk 00:00:17]} {[%emt 00:00:03]} Nxa4 {[%clk 00:01:35]} {[%emt
00:00:02]} 25. Nxa4 {[%clk 00:00:15]} {[%emt 00:00:04]} Rxa4 {[%clk 00:01:36]}
26. Qb5 {[%clk 00:00:14]} {[%emt 00:00:03]} Ra5 {[%clk 00:01:35]} {[%emt
00:00:02]} 27. Qb7 {[%clk 00:00:12]} {[%emt 00:00:05]} Ra3 {[%clk 00:01:31]}
{[%emt 00:00:06]} 28. Rb3 {[%clk 00:00:10]} {[%emt 00:00:04]} Ra2 {[%clk
00:01:17]} {[%emt 00:00:16]} 29. Rc7 {[%clk 00:00:09]} {[%emt 00:00:03]} Nf6
{[%clk 00:01:18]} 30. Kg1 {[%clk 00:00:09]} {[%emt 00:00:02]} Re8 {[%clk
00:01:05]} {[%emt 00:00:15]} 31. g4 {[%clk 00:00:07]} {[%emt 00:00:04]} h6
{[%clk 00:00:50]} {[%emt 00:00:17]} 32. Bf3 {[%clk 00:00:07]} {[%emt 00:00:02]}
Nh7 {[%clk 00:00:43]} {[%emt 00:00:09]} 33. Rb1 {[%clk 00:00:04]} {[%emt
00:00:05]} g5 {[%clk 00:00:41]} {[%emt 00:00:04]} 34. Rf1 {[%clk 00:00:04]}
{[%emt 00:00:02]} Ra3 {[%clk 00:00:42]} {[%emt 00:00:01]} 35. Re1 {[%clk
00:00:04]} {[%emt 00:00:02]} Rxe3 {[%clk 00:00:42]} {[%emt 00:00:02]} 36. Rxe3
{[%clk 00:00:05]} {[%emt 00:00:01]} Bd4 {[%clk 00:00:43]} 0-1